000 01286nab a22002417a 4500
999 _c5640
_d5640
003 OSt
005 20251226212136.0
008 190603e xxum|||| |||| 00| 0 spa d
040 _cPJ
100 _96608
_aVeglia, Gimena
245 1 0 _aContratos sin firma, el pago como dispositivo central de instrumentación contractual en entornos digitales /
_cGimena Veglia.
260 _cCiudad Autónoma de Buenos Aires :
_aThomson Reuters La Ley,
_b2025.
300 _ap. 53-59
500 _aCita: TR LALEY AR/DOC/1055/2025 Publicado en: RCCyC 2025 (junio).
505 _aSumario: I. Introducción.— II. El contrato en entornos digitales de la forma a la función.— III. El pago como dispositivo contractual. Configuración, ejecución y prueba en entornos digitales.— IV. Implicancias jurídicas.— V. Pensar el contrato donde ya no se lo ve.
505 _t¿Te interesa el texto completo? Solicitalo al correo: koha@justierradelfuego.gov.ar
650 0 _91497
_aCODIGO CIVIL Y COMERCIAL
650 0 _9286
_aCOMERCIO ELECTRONICO
650 0 _91971
_aMEDIOS DE PRUEBA
650 0 _96081
_aCIENCIA Y TECNOLOGÍA
773 0 _02713
_93170
_dCiudad Autónoma de Buenos Aires : Thomson Reuters La Ley, 2015-
_tRevista Código Civil y Comercial. Nº 3 - Junio 2025
942 _2udc
_cANA